| 000 | 00742nam a2200253Ia 4500 | ||
|---|---|---|---|
| 003 | OSt | ||
| 005 | 20220928110137.0 | ||
| 006 | a|||||r|||| 00| 0 | ||
| 007 | ta | ||
| 008 | 220927b |||||||| |||| 00| 0 hin d | ||
| 020 | _c1095 | ||
| 024 | _a111299 | ||
| 037 |
_b1432, 11/02/2011, Kiran Book Service _cTextual |
||
| 040 |
_aSDCL _cSDCL _bhin |
||
| 041 |
_2hin _ahin |
||
| 082 | _aY:1.2'P, P9 | ||
| 100 |
_aParmaar N R Ed. _9418296 |
||
| 245 | 0 |
_aVishvgram _b Samaj, sanskriti aur sahitya. |
|
| 260 |
_aGujraat _bDarpan Prakashan _c2009 |
||
| 300 |
_a436p. _ccm. |
||
| 650 |
_aSanskrit _9391587 |
||
| 942 |
_hY:1.2'P, P9 _cTEXL _2CC |
||
| 999 |
_c734296 _d734296 |
||